000 00383nam a22001457a 4500
005 20150406112234.0
008 150406b xxu||||| |||| 00| 0 eng d
040 _cPK-LaUMT
082 _aKHC 954.92
_bANW-B
100 _aAnwar Iqbal
245 _aBangla Desh
_bits dark past and dim future
_cAnwar Iqbal
260 _aLahore
_bAziz book depot
_c1973
300 _a74 p.
942 _cBK
999 _c69645
_d69645